[Event "Chigorin Memorial 2018"]
[Site "St. Petersburg"]
[Date "2018.11.02"]
[Round "7.95"]
[White "Arbuzov, Mikhail"]
[Black "Pestryakov, Nikita"]
[Result "1-0"]
[WhiteElo "2146"]
[BlackElo "1959"]
[PlyCount "53"]
[EventDate "2018.10.27"]
[EventType "swiss"]
[EventCountry "RUS"]
[WhiteTeam "Russland"]
[BlackTeam "Russland"]
[WhiteTeamCountry "RUS"]
[BlackTeamCountry "RUS"]

1. d4 d5 2. c4 e6 3. Nc3 c6 4. e3 Nf6 5. Nf3 Nbd7 6. Qc2 Bd6 7. Bd3 dxc4 8. Bxc4 b5 9. Be2 Bb7 10. O-O a6 11. e4 e5 12. Rd1 Qc7 13. Bg5 exd4 14. Rxd4 c5 15. Rdd1 O-O 16. Bxb5 Bxh2+ 17. Nxh2 axb5 18. Nxb5 Qe5 19. Bxf6 Nxf6 20. f3 Nh5 21. Nd6 Bc6 22. Ng4 Qg5 23. Qd2 Qxd2 24. Rxd2 f6 25. Rc1 Rxa2 26. Rxc5 Bd7 27. Rxh5 1-0

[Event "Chigorin Memorial 2018"]
[Site "St. Petersburg"]
[Date "2018.11.02"]
[Round "7.96"]
[White "Sinitsina, Anastassia"]
[Black "Pavlov, Mark"]
[Result "1-0"]
[WhiteElo "2130"]
[BlackElo "1924"]
[PlyCount "125"]
[EventDate "2018.10.27"]
[EventType "swiss"]
[EventCountry "RUS"]
[WhiteTeam "Estland"]
[BlackTeam "Russland"]
[WhiteTeamCountry "EST"]
[BlackTeamCountry "RUS"]

1. e4 e6 2. d4 d5 3. Nc3 Nf6 4. Bg5 Bb4 5. e5 h6 6. Bd2 Bxc3 7. bxc3 Ne4 8. Qg4 g6 9. Bd3 Nxd2 10. Kxd2 c5 11. h4 c4 12. Be2 Nc6 13. Nf3 Qe7 14. a4 Na5 15. Qf4 Bd7 16. Nh2 h5 17. Nf3 O-O-O 18. Ra2 Rdf8 19. Qe3 f5 20. Qf4 Kb8 21. Ng5 Ka8 22. Nh3 Rc8 23. Qg3 Rhg8 24. Nf4 Qe8 25. Rha1 Rc6 26. Qg5 Rc8 27. Bf3 Qd8 28. Qxd8 Rcxd8 29. Rh1 Rde8 30. Rh3 Re7 31. Rg3 Reg7 32. Kc1 Kb8 33. Kb2 b6 34. Ka3 Nc6 35. Ra1 Ne7 36. Rh1 Nc6 37. Rhh3 Nd8 38. Be2 Kc7 39. Re3 Bc6 40. Rhg3 Kd7 41. Bf3 Ke7 42. Re1 Nb7 43. Kb4 Kf7 44. Rg5 Na5 45. Re3 Nb7 46. Nxg6 a5+ 47. Ka3 Rxg6 48. Bxh5 f4 49. Rf3 Be8 50. Rxf4+ Ke7 51. Bxg6 Rxg6 52. Rxg6 Bxg6 53. g4 Bxc2 54. h5 Nd8 55. Rf6 Nf7 56. f4 Be4 57. h6 Bh7 58. Kb2 Be4 59. Kc1 Bh7 60. Kd2 Be4 61. f5 Ng5 62. Rxe6+ Nxe6 63. h7 1-0

[Event "Chigorin Memorial 2018"]
[Site "St. Petersburg"]
[Date "2018.11.02"]
[Round "7.97"]
[White "Ismagilov, Damir"]
[Black "Shadunts, Kirill"]
[Result "1/2-1/2"]
[WhiteElo "2116"]
[BlackElo "1907"]
[PlyCount "113"]
[EventDate "2018.10.27"]
[EventType "swiss"]
[EventCountry "RUS"]
[WhiteTeam "Russland"]
[BlackTeam "Russland"]
[WhiteTeamCountry "RUS"]
[BlackTeamCountry "RUS"]

1. d4 d5 2. c4 e6 3. Nc3 Be7 4. cxd5 exd5 5. Bf4 c6 6. e3 Bd6 7. Bxd6 Qxd6 8. Bd3 Ne7 9. Qb1 Qf6 10. Nf3 Bf5 11. b4 a6 12. a4 O-O 13. O-O Nd7 14. Bxf5 Nxf5 15. b5 axb5 16. axb5 Nd6 17. bxc6 bxc6 18. h3 h6 19. Rxa8 Rxa8 20. Nd2 Qd8 21. Rc1 Nf6 22. Qc2 Qa5 23. Rb1 g6 24. Ne2 Qa2 25. Rb2 Qa4 26. Qxa4 Rxa4 27. Rc2 Ra6 28. f3 Kf8 29. Kf2 Ke7 30. g4 Kd7 31. Ng3 Ra3 32. Ne2 Nb5 33. Nc1 Kd6 34. Ncb3 Nd7 35. Rc1 f6 36. Ke2 Ra2 37. Kd3 Nb6 38. Ra1 Rxa1 39. Nxa1 c5 40. dxc5+ Kxc5 41. Nab3+ Kd6 42. f4 Nd7 43. Nf3 g5 44. Nfd4 Nxd4 45. Nxd4 Nc5+ 46. Ke2 Ne6 47. Nf5+ Kc5 48. fxg5 hxg5 49. Kd3 Kc6 50. Ke2 Kc5 51. Kd3 Kc6 52. h4 gxh4 53. Nxh4 Kd6 54. Ke2 Ng5 55. Ng6 Ke6 56. Kd3 Nf3 57. e4 1/2-1/2

[Event "Chigorin Memorial 2018"]
[Site "St. Petersburg"]
[Date "2018.11.02"]
[Round "7.98"]
[White "Putrenko, Kirill"]
[Black "Gorovenko, Darya"]
[Result "0-1"]
[WhiteElo "1955"]
[BlackElo "2109"]
[PlyCount "98"]
[EventDate "2018.10.27"]
[EventType "swiss"]
[EventCountry "RUS"]
[WhiteTeam "Russland"]
[BlackTeam "Russland"]
[WhiteTeamCountry "RUS"]
[BlackTeamCountry "RUS"]

1. d4 Nf6 2. c4 g6 3. Nc3 d5 4. cxd5 Nxd5 5. Bd2 Bg7 6. e4 Nb6 7. Be3 O-O 8. Be2 Nc6 9. Nf3 Bg4 10. d5 Na5 11. Bd4 Bxf3 12. gxf3 Bxd4 13. Qxd4 Nc6 14. Qd1 Ne5 15. f4 Nec4 16. Qb3 Nd6 17. Rd1 Qc8 18. h4 c6 19. e5 Nf5 20. Bf3 cxd5 21. Nxd5 Nxd5 22. Bxd5 Rb8 23. e6 f6 24. h5 g5 25. Qd3 Nh6 26. fxg5 fxg5 27. Qe3 Rf4 28. Rg1 Ng4 29. Qe2 Qc5 30. Rg2 h6 31. Rd2 Rbf8 32. Qd3 Qc1+ 33. Rd1 Qxb2 34. Rd2 Qa1+ 35. Rd1 Qe5+ 36. Qe2 Qxe2+ 37. Kxe2 Rxf2+ 38. Rxf2 Rxf2+ 39. Kd3 Rf5 40. Ke2 Re5+ 41. Kf3 Ne3 42. Re1 Rxd5 43. Rxe3 Ra5 44. a3 Kg7 45. Ke4 Kf6 46. Kd4 Ra6 47. Kd5 Rd6+ 48. Kc5 Rxe6 49. Rf3+ Ke5 0-1

[Event "Chigorin Memorial 2018"]
[Site "St. Petersburg"]
[Date "2018.11.02"]
[Round "7.99"]
[White "Razumovskiy, Mikhail"]
[Black "Khadzhiev, Valery"]
[Result "1/2-1/2"]
[WhiteElo "1944"]
[BlackElo "2087"]
[PlyCount "120"]
[EventDate "2018.10.27"]
[EventType "swiss"]
[EventCountry "RUS"]
[WhiteTeam "Russland"]
[BlackTeam "Russland"]
[WhiteTeamCountry "RUS"]
[BlackTeamCountry "RUS"]

1. d4 d5 2. c4 c6 3. Nc3 Nf6 4. Nf3 g6 5. e3 Bg7 6. Bd3 O-O 7. b3 Bg4 8. h3 Bxf3 9. Qxf3 dxc4 10. Bxc4 Nbd7 11. O-O Nb6 12. Be2 Nbd5 13. Na4 Nd7 14. Bb2 N5b6 15. Nxb6 axb6 16. a4 e5 17. Rad1 exd4 18. Bxd4 Qe7 19. Bc4 Rad8 20. Qf4 Be5 21. Qf3 Kg7 22. Rfe1 Rfe8 23. Qe2 Qf6 24. Qb2 Bxd4 25. Qxd4 Nc5 26. Qxf6+ Kxf6 27. Kf1 Ke7 28. Rd4 f5 29. g4 fxg4 30. hxg4 Kf6 31. Rf4+ Kg5 32. Kg2 Re7 33. Re2 Ne4 34. Rc2 h5 35. gxh5 gxh5 36. Rf7 Rxf7 37. Bxf7 Nc5 38. f4+ Kf6 39. Bxh5 Nxb3 40. Rb2 Rd3 41. Kf2 Ke7 42. Bg6 Rc3 43. Bf5 Kd6 44. Rc2 Rxc2+ 45. Bxc2 Nc5 46. e4 b5 47. axb5 cxb5 48. Ke3 b4 49. Kd4 Ne6+ 50. Ke3 Nc5 51. Kd4 Ne6+ 52. Ke3 Nc5 53. e5+ Kd5 54. Kf3 b3 55. Bb1 b5 56. Ke3 b4 57. Bf5 Na4 58. Kd2 Nc3 59. Kc1 Ne2+ 60. Kb2 Nxf4 1/2-1/2

[Event "Chigorin Memorial 2018"]
[Site "St. Petersburg"]
[Date "2018.11.02"]
[Round "7.100"]
[White "Frolov, Aleksey G."]
[Black "Pavlov, Mikhail"]
[Result "0-1"]
[WhiteElo "2086"]
[BlackElo "1894"]
[PlyCount "106"]
[EventDate "2018.10.27"]
[EventType "swiss"]
[EventCountry "RUS"]
[WhiteTeam "Russland"]
[BlackTeam "Russland"]
[WhiteTeamCountry "RUS"]
[BlackTeamCountry "RUS"]

1. e4 e6 2. d4 d5 3. Nd2 c5 4. Ngf3 Nf6 5. exd5 exd5 6. Bb5+ Nc6 7. O-O Be7 8. dxc5 Bd7 9. Re1 O-O 10. Nb3 Rc8 11. Be3 a6 12. Bxc6 Bxc6 13. Bd4 Ba4 14. Nfd2 Nd7 15. Bxg7 Kxg7 16. Qg4+ Kh8 17. Qxa4 Bf6 18. c3 Nxc5 19. Nxc5 Rxc5 20. Qf4 Qb6 21. Re3 Bg7 22. Nb3 Rc4 23. Qf5 Qb5 24. Rh3 h6 25. Rd1 Re4 26. Nd2 Qe2 27. Qf3 Qxd2 28. g4 Re1+ 29. Rxe1 Qxe1+ 30. Kg2 Qe4 31. g5 Kh7 32. Qxe4+ dxe4 33. gxh6 Bxh6 34. c4 f5 35. Rb3 Rf7 36. c5 f4 37. a4 e3 38. Kf3 Kg7 39. Rb6 Re7 40. fxe3 fxe3 41. Ke2 Rf7 42. b4 Bg5 43. Re6 Rf4 44. b5 Rxa4 45. h4 Rxh4 46. c6 bxc6 47. bxa6 Ra4 48. Rxc6 Kf7 49. Rb6 Ra2+ 50. Kf3 e2 51. Rb7+ Ke6 52. Rb6+ Kd7 53. Rb7+ Kc6 0-1

[Event "Chigorin Memorial 2018"]
[Site "St. Petersburg"]
[Date "2018.11.02"]
[Round "7.101"]
[White "Usacheva, Glafira"]
[Black "Don, Aleksandr"]
[Result "1-0"]
[WhiteElo "1939"]
[BlackElo "2086"]
[PlyCount "91"]
[EventDate "2018.10.27"]
[EventType "swiss"]
[EventCountry "RUS"]
[WhiteTeam "Russland"]
[BlackTeam "Russland"]
[WhiteTeamCountry "RUS"]
[BlackTeamCountry "RUS"]

1. d4 d5 2. c4 e6 3. Nf3 Nf6 4. g3 Be7 5. Bg2 dxc4 6. Nc3 O-O 7. O-O c5 8. dxc5 Bxc5 9. Ne5 Qe7 10. a3 Rd8 11. Qc2 h6 12. Nxc4 Nc6 13. e3 e5 14. b4 Bb6 15. Nxb6 axb6 16. Bb2 Be6 17. Na4 b5 18. Nc5 Bc4 19. Rfd1 Nd5 20. Rd2 b6 21. Ne4 Rac8 22. Rad1 Qe6 23. Nc3 Nde7 24. Rxd8+ Nxd8 25. Rd2 f5 26. Qd1 Nf7 27. Nd5 e4 28. Nxe7+ Qxe7 29. Rd7 Qg5 30. h4 Qg6 31. Qd4 Re8 32. Rb7 Rd8 33. Qxb6 Rd1+ 34. Kh2 Qxb6 35. Rxb6 Rd2 36. Bd4 Rxf2 37. Kg1 Ra2 38. Bh3 Rc2 39. Rb8+ Kh7 40. Bxf5+ g6 41. Bxe4 Rc1+ 42. Kg2 Rd1 43. h5 Rd2+ 44. Kg1 Rd1+ 45. Kf2 Rd2+ 46. Ke1 1-0

[Event "Chigorin Memorial 2018"]
[Site "St. Petersburg"]
[Date "2018.11.02"]
[Round "7.102"]
[White "Tyapkin, Petr"]
[Black "Shmoilov, Dmitry"]
[Result "1/2-1/2"]
[WhiteElo "2080"]
[BlackElo "1887"]
[PlyCount "136"]
[EventDate "2018.10.27"]
[EventType "swiss"]
[EventCountry "RUS"]
[WhiteTeam "Russland"]
[BlackTeam "Russland"]
[WhiteTeamCountry "RUS"]
[BlackTeamCountry "RUS"]

1. d4 Nf6 2. Nf3 c5 3. d5 b5 4. Bg5 Qb6 5. Bxf6 exf6 6. g3 d6 7. Bg2 g6 8. O-O Bg7 9. c3 O-O 10. Nbd2 Nd7 11. a4 b4 12. e4 Ba6 13. Re1 Rfe8 14. Qc2 Ne5 15. Nxe5 Rxe5 16. Bf1 Bxf1 17. Rxf1 Qa6 18. cxb4 cxb4 19. Nc4 Rc8 20. b3 f5 21. exf5 Rxf5 22. Rad1 Rc5 23. Qe4 Bf8 24. Ne3 Re5 25. Qxb4 Qc8 26. Rd3 a5 27. Qa3 Re4 28. Nc4 h5 29. Qc1 Qe8 30. Qd1 Re2 31. Re3 Rxe3 32. Nxe3 Qe4 33. Re1 Bh6 34. Nc4 Qxd5 35. Nxd6 Qc6 36. Nc4 Bg5 37. Qe2 Kg7 38. Qe8 Qxe8 39. Rxe8 Bf6 40. Rb8 Bc3 41. Rb7 Bb4 42. Kg2 Rd5 43. Rb5 Rd3 44. Nxa5 Bxa5 45. Rxa5 Rxb3 46. Rb5 Ra3 47. a5 Kg8 48. h3 Kg7 49. Rc5 Kg8 50. Rd5 Kg7 51. Re5 Kg8 52. Rb5 Kg7 53. Rc5 Kg8 54. Kf1 Ra2 55. Rc8+ Kg7 56. Ra8 Kf6 57. a6 Kg7 58. h4 Kf6 59. a7 Kg7 60. Ke1 Kh7 61. Kd1 Kg7 62. Kc1 Kf6 63. Kb1 Ra6 64. Kb2 Ra5 65. Kb3 Ra1 66. Kc4 Kg7 67. Kd5 Kf6 68. Kc6 Rc1+ 1/2-1/2

[Event "Chigorin Memorial 2018"]
[Site "St. Petersburg"]
[Date "2018.11.02"]
[Round "7.103"]
[White "Kundianok, Vladislav"]
[Black "Lavrinovitsh, Denis"]
[Result "1/2-1/2"]
[WhiteElo "1918"]
[BlackElo "2078"]
[PlyCount "159"]
[EventDate "2018.10.27"]
[EventType "swiss"]
[EventCountry "RUS"]
[WhiteTeam "Russland"]
[BlackTeam "Russland"]
[WhiteTeamCountry "RUS"]
[BlackTeamCountry "RUS"]

1. e4 e6 2. d4 d5 3. Nc3 Nf6 4. e5 Nfd7 5. f4 c5 6. Nf3 Nc6 7. Be3 Qb6 8. Na4 Qa5+ 9. c3 c4 10. b4 cxb3 11. axb3 a6 12. Bd3 b5 13. Nc5 Qb6 14. Nxd7 Bxd7 15. O-O Be7 16. Qe1 f5 17. exf6 Bxf6 18. Ne5 Ra7 19. Qg3 Ne7 20. Qh3 g6 21. Rfe1 Bc8 22. Bf2 O-O 23. Qg4 Nf5 24. Qf3 Rc7 25. Bxf5 gxf5 26. Rec1 Qd6 27. Nd3 Qb6 28. b4 Qd6 29. Nc5 Rc6 30. Qh5 Qxf4 31. Qe2 Qd6 32. Bg3 f4 33. Bf2 Bg7 34. Qf3 Bd7 35. Re1 Be8 36. Rxe6 Qb8 37. Qxd5 Rxe6 38. Qxe6+ Bf7 39. Qg4 Bg6 40. Qf3 Qc8 41. Qd5+ Kh8 42. Qd7 Qb8 43. Re1 f3 44. g3 Rd8 45. Qb7 Qd6 46. Qe7 Qb8 47. Ne6 Rg8 48. Nxg7 Rxg7 49. Qf6 Kg8 50. Qxf3 Rf7 51. Qd5 Qc8 52. Qc5 Qg4 53. Re8+ Kg7 54. Qe5+ Rf6 55. Re7+ Bf7 56. h3 Qf3 57. Qe3 Qd1+ 58. Qe1 Qf3 59. Qe3 Qd1+ 60. Kg2 Kf8 61. Re5 Bc4 62. Re8+ Kf7 63. Qe7+ Kg6 64. Qe4+ Kf7 65. Re7+ Kf8 66. Be1 Bd5 67. Re8+ Kf7 68. Re7+ Kf8 69. Re8+ Kf7 70. Qxd5+ Kxe8 71. Qe4+ Kd7 72. Qb7+ Ke8 73. Qc8+ Kf7 74. Qd7+ Kg6 75. Qe8+ Kg7 76. Qe7+ Kg6 77. Qe4+ Kg7 78. Qe7+ Kg6 79. Qe4+ Kg7 80. Qe7+ 1/2-1/2

[Event "Chigorin Memorial 2018"]
[Site "St. Petersburg"]
[Date "2018.11.02"]
[Round "7.104"]
[White "Grishaev, Igor"]
[Black "Torres Dominguez, David"]
[Result "0-1"]
[WhiteElo "1893"]
[BlackElo "2067"]
[PlyCount "114"]
[EventDate "2018.10.27"]
[EventType "swiss"]
[EventCountry "RUS"]
[WhiteTeam "Russland"]
[BlackTeam "Spanien"]
[WhiteTeamCountry "RUS"]
[BlackTeamCountry "ESP"]

1. d4 d6 2. e4 Nf6 3. Nc3 e5 4. dxe5 dxe5 5. Qxd8+ Kxd8 6. Bg5 Be7 7. O-O-O+ Nbd7 8. Bc4 Ne8 9. Nf3 Nd6 10. Bb3 f6 11. Be3 c6 12. Rd2 Kc7 13. Rhd1 Rd8 14. Nh4 Nf8 15. f4 exf4 16. Bxf4 g5 17. Nf5 Bxf5 18. Bxd6+ Bxd6 19. exf5 Bf4 20. Ne4 Rd4 21. Nc5 Re8 22. Nd3 Bxd2+ 23. Kxd2 b6 24. Kc3 Rd7 25. h4 h6 26. h5 Re2 27. Rg1 Re4 28. a4 a5 29. Bc4 Rdd4 30. b3 Rh4 31. Re1 Rde4 32. Rd1 Rxh5 33. Nf2 Re3+ 34. Kd4 Re7 35. Bd3 Nd7 36. Ne4 Rh4 37. g3 Rg4 38. b4 axb4 39. a5 b5 40. Rh1 c5+ 41. Ke3 c4 42. Kf3 Ne5+ 43. Kf2 Nd7 44. Kf3 cxd3 45. Kxg4 Rxe4+ 46. Kf3 dxc2 47. Kxe4 Nc5+ 48. Kd5 Nb3 49. Ke6 c1=Q 50. Rxc1+ Nxc1 51. Kxf6 b3 52. Kg7 b2 53. f6 b1=Q 54. f7 Qf5 55. f8=Q Qxf8+ 56. Kxf8 h5 57. Kg7 h4 0-1

[Event "Chigorin Memorial 2018"]
[Site "St. Petersburg"]
[Date "2018.11.02"]
[Round "7.105"]
[White "Aseev, Vladimir"]
[Black "Zolotyh, Lev"]
[Result "1-0"]
[WhiteElo "2063"]
[BlackElo "1849"]
[PlyCount "107"]
[EventDate "2018.10.27"]
[EventType "swiss"]
[EventCountry "RUS"]
[WhiteTeam "Russland"]
[BlackTeam "Russland"]
[WhiteTeamCountry "RUS"]
[BlackTeamCountry "RUS"]

1. d4 d5 2. c4 c6 3. Nc3 Nf6 4. cxd5 cxd5 5. Bf4 Qb6 6. Qd2 Bf5 7. Bxb8 Rxb8 8. e3 a6 9. Na4 Qd8 10. f3 e6 11. Ne2 Rc8 12. Nac3 Bd6 13. Ng3 Bg6 14. Be2 Qa5 15. O-O O-O 16. a3 b5 17. f4 Qc7 18. Rac1 Qb8 19. Na2 Ne4 20. Qa5 Nxg3 21. hxg3 Qb7 22. Nb4 Bxb4 23. axb4 Rxc1 24. Rxc1 Rc8 25. Rc5 f6 26. Bf3 Be8 27. g4 Kf7 28. Kf2 Ke7 29. Qa3 h6 30. Qc3 Rc6 31. f5 Qc8 32. fxe6 Rxc5 33. bxc5 Qxe6 34. Qd3 Bc6 35. Qa3 Ba8 36. c6+ Ke8 37. c7 Qc6 38. Qd6 Qxd6 39. c8=Q+ Qd8 40. Qxa6 Qb8 41. Qe6+ Kf8 42. Bxd5 Bxd5 43. Qxd5 b4 44. b3 Ke7 45. Qc5+ Ke8 46. Kf3 Kd7 47. Qc4 Ke7 48. d5 Qd6 49. Ke2 Kd8 50. Kd3 g6 51. Qc6 Qe5 52. d6 f5 53. Qc7+ Ke8 54. d7+ 1-0

[Event "Chigorin Memorial 2018"]
[Site "St. Petersburg"]
[Date "2018.11.02"]
[Round "7.106"]
[White "Gutsulyak, Nikolay"]
[Black "Kharlamov, Igor"]
[Result "1/2-1/2"]
[WhiteElo "1861"]
[BlackElo "2063"]
[PlyCount "80"]
[EventDate "2018.10.27"]
[EventType "swiss"]
[EventCountry "RUS"]
[WhiteTeam "Russland"]
[BlackTeam "Israel"]
[WhiteTeamCountry "RUS"]
[BlackTeamCountry "ISR"]

1. e4 c5 2. Nc3 Nc6 3. f4 g6 4. Nf3 Bg7 5. Bb5 Nd4 6. O-O a6 7. Bc4 d6 8. Nxd4 Bxd4+ 9. Kh1 Nh6 10. Ne2 Bg7 11. d3 f5 12. Rb1 e6 13. c3 Ng4 14. Qe1 O-O 15. Bb3 b5 16. Ng1 Kh8 17. Nf3 c4 18. dxc4 bxc4 19. Bxc4 fxe4 20. Nd4 Bxd4 21. cxd4 d5 22. Be2 Nh6 23. g4 Ng8 24. Be3 Bd7 25. Rc1 Qb6 26. b3 Rfe8 27. Qg3 Qd6 28. Rc5 Rf8 29. Bc1 Bb5 30. Re1 g5 31. fxg5 Qxg3 32. hxg3 Rf2 33. Bxb5 axb5 34. Bf4 Ne7 35. Rxb5 Raxa2 36. Rb8+ Kg7 37. Rb7 Rh2+ 38. Kg1 Rhg2+ 39. Kh1 Rh2+ 40. Kg1 Rhg2+ 1/2-1/2

[Event "Chigorin Memorial 2018"]
[Site "St. Petersburg"]
[Date "2018.11.02"]
[Round "7.107"]
[White "Kombar, Mariya"]
[Black "Nazarova, Anastasia"]
[Result "0-1"]
[WhiteElo "1851"]
[BlackElo "2055"]
[PlyCount "68"]
[EventDate "2018.10.27"]
[EventType "swiss"]
[EventCountry "RUS"]
[WhiteTeam "Russland"]
[BlackTeam "Finnland"]
[WhiteTeamCountry "RUS"]
[BlackTeamCountry "FIN"]

1. e4 c5 2. Nf3 Nc6 3. d4 cxd4 4. Nxd4 g6 5. Nc3 Bg7 6. Be3 Nf6 7. Be2 O-O 8. Qd2 d5 9. exd5 Nxd5 10. Nxc6 bxc6 11. Bd4 e5 12. Bc5 Re8 13. O-O-O Be6 14. Bc4 Qh4 15. Bxd5 cxd5 16. Qd3 Rec8 17. g3 Qd8 18. Ba3 d4 19. Ne4 Qa5 20. Qd2 Qd5 21. Nd6 Qxa2 22. Qg5 Rc6 23. Kd2 Qd5 24. Rhe1 Rxd6 25. Bxd6 Qxd6 26. f4 Qb4+ 27. Ke2 e4 28. Kf1 e3 29. c3 Qb7 30. Kg1 Qf3 31. Rf1 e2 32. Rxf3 exd1=Q+ 33. Rf1 Qe2 34. Rf2 Qe1+ 0-1

[Event "Chigorin Memorial 2018"]
[Site "St. Petersburg"]
[Date "2018.11.02"]
[Round "7.108"]
[White "Yakovlev, Yuri S."]
[Black "Rudovskii, Filipp"]
[Result "0-1"]
[WhiteElo "1838"]
[BlackElo "2054"]
[PlyCount "48"]
[EventDate "2018.10.27"]
[EventType "swiss"]
[EventCountry "RUS"]
[WhiteTeam "Russland"]
[BlackTeam "Russland"]
[WhiteTeamCountry "RUS"]
[BlackTeamCountry "RUS"]

1. e4 c5 2. Nf3 Nc6 3. c4 e5 4. Nc3 Nge7 5. d3 g6 6. Bg5 Bg7 7. Nd5 O-O 8. Nxe7+ Nxe7 9. g4 d6 10. h3 Qe8 11. Be3 f5 12. gxf5 gxf5 13. Rg1 Kh8 14. Bg5 Nc6 15. Nh4 Nd4 16. Be3 fxe4 17. dxe4 Qe7 18. Qh5 Qxh4 19. Qxh4 Nf3+ 20. Ke2 Nxh4 21. Rd1 Nf3 22. Rg3 Nd4+ 23. Kd3 Be6 24. Bxd4 exd4 0-1

[Event "Chigorin Memorial 2018"]
[Site "St. Petersburg"]
[Date "2018.11.02"]
[Round "7.110"]
[White "Vasilenko, Ekaterina"]
[Black "Myshkovskiy, Sviatoslav"]
[Result "0-1"]
[WhiteElo "1785"]
[BlackElo "2046"]
[PlyCount "70"]
[EventDate "2018.10.27"]
[EventType "swiss"]
[EventCountry "RUS"]
[WhiteTeam "Ukraine"]
[BlackTeam "Russland"]
[WhiteTeamCountry "UKR"]
[BlackTeamCountry "RUS"]

1. e4 e5 2. Nf3 Nc6 3. Bc4 Bc5 4. O-O Nf6 5. d4 Bxd4 6. Nxd4 Nxd4 7. f4 d6 8. fxe5 dxe5 9. Bg5 Bg4 10. Bxf7+ Kd7 11. Bxf6 Bxd1 12. Bxd8 Be2 13. Rf2 Raxd8 14. Na3 Ba6 15. Rd1 Ke7 16. Re1 Rhf8 17. Bc4 Rxf2 18. Kxf2 Nxc2 19. Nxc2 Bxc4 20. Kf3 Rd2 21. Rc1 c6 22. b3 Bd3 23. Ne1 Be2+ 24. Ke3 Rxa2 25. Nc2 Bg4 26. Kd3 Be6 27. Kc3 a5 28. Rb1 b5 29. g3 c5 30. h4 a4 31. bxa4 b4+ 32. Nxb4 cxb4+ 33. Kxb4 Bd7 34. Rd1 Rxa4+ 35. Kc3 Rxe4 0-1

[Event "Chigorin Memorial 2018"]
[Site "St. Petersburg"]
[Date "2018.11.02"]
[Round "7.111"]
[White "Pogorelskikh, Sofia"]
[Black "Kovalenko, Kleopatra"]
[Result "1-0"]
[WhiteElo "2041"]
[BlackElo "1781"]
[PlyCount "75"]
[EventDate "2018.10.27"]
[EventType "swiss"]
[EventCountry "RUS"]
[WhiteTeam "Russland"]
[BlackTeam "Russland"]
[WhiteTeamCountry "RUS"]
[BlackTeamCountry "RUS"]

1. e4 c5 2. Nf3 e6 3. d4 cxd4 4. Nxd4 a6 5. Bd3 Bc5 6. Nb3 Ba7 7. O-O Nc6 8. Qg4 Nf6 9. Qxg7 Rg8 10. Qh6 Ne5 11. Be2 Rg6 12. Qh4 b5 13. Bg5 h6 14. Bxf6 Qxf6 15. Qxf6 Rxf6 16. N1d2 Rb8 17. a4 b4 18. Na5 Ke7 19. Rad1 Nc6 20. Nxc6+ dxc6 21. Nc4 Bb7 22. Ne5 Rd8 23. Rxd8 Kxd8 24. Bf3 c5 25. Rd1+ Kc8 26. Nc4 Kc7 27. Rd2 Rf4 28. Nd6 Bc6 29. b3 f5 30. exf5 exf5 31. Bxc6 Kxc6 32. g3 Bb8 33. gxf4 Bxd6 34. Rd3 c4 35. bxc4 Kc5 36. Rd5+ Kxc4 37. Rxd6 a5 38. Rxh6 1-0

[Event "Chigorin Memorial 2018"]
[Site "St. Petersburg"]
[Date "2018.11.02"]
[Round "7.112"]
[White "Sorokin, Artem"]
[Black "Dmitriev, Vladimir"]
[Result "1-0"]
[WhiteElo "1701"]
[BlackElo "2031"]
[PlyCount "119"]
[EventDate "2018.10.27"]
[EventType "swiss"]
[EventCountry "RUS"]
[WhiteTeam "Russland"]
[BlackTeam "Russland"]
[WhiteTeamCountry "RUS"]
[BlackTeamCountry "RUS"]

1. e4 c6 2. d4 d5 3. e5 Bf5 4. Nf3 e6 5. Be2 c5 6. c3 Nc6 7. O-O Qb6 8. dxc5 Bxc5 9. b4 Be7 10. Be3 Qc7 11. Qa4 Kf8 12. b5 Nxe5 13. b6 Nxf3+ 14. Bxf3 Qc6 15. Qxc6 bxc6 16. bxa7 c5 17. c4 Rxa7 18. cxd5 Nf6 19. dxe6 fxe6 20. Rc1 Nd7 21. Nc3 Kf7 22. a4 Bf6 23. Ra2 Rb8 24. Ne4 Be7 25. Ng3 Bd3 26. h3 Rb4 27. a5 Rb5 28. Bc6 Rb1 29. Rxb1 Bxb1 30. Ra1 Ne5 31. Be4 Bd3 32. Bxd3 Nxd3 33. Ne4 Ra6 34. Kf1 c4 35. Bd2 e5 36. Bc3 Ke6 37. Ra4 Kd5 38. Nd2 Rf6 39. f3 Nc5 40. Rxc4 Rc6 41. Bb4 Bg5 42. Rxc5+ Rxc5 43. Bxc5 Bxd2 44. Bb6 Kc6 45. Ke2 Bg5 46. g3 Kb5 47. Kd3 Be7 48. Ke4 Bd6 49. h4 g6 50. g4 h5 51. gxh5 gxh5 52. Bd8 Bb8 53. Kf5 Kc6 54. Bb6 Bd6 55. Kg5 Be7+ 56. Kxh5 Kd5 57. a6 Kc6 58. a7 Kb7 59. Be3 Bd8 60. Kg4 1-0

[Event "Chigorin Memorial 2018"]
[Site "St. Petersburg"]
[Date "2018.11.02"]
[Round "7.114"]
[White "Mustafazade, Fikrat"]
[Black "Ofitserian, Armen"]
[Result "1-0"]
[WhiteElo "1404"]
[BlackElo "2055"]
[PlyCount "87"]
[EventDate "2018.10.27"]
[EventType "swiss"]
[EventCountry "RUS"]
[WhiteTeam "Aserbeidschan"]
[BlackTeam "Russland"]
[WhiteTeamCountry "AZE"]
[BlackTeamCountry "RUS"]

1. d4 Nf6 2. c4 e6 3. a3 b6 4. Nc3 Bb7 5. Bg5 Be7 6. Nf3 d5 7. cxd5 exd5 8. e3 h6 9. Bh4 O-O 10. Bd3 Nbd7 11. O-O Ne4 12. Bxe7 Qxe7 13. Qc2 c5 14. Nd2 Ndf6 15. Ndxe4 dxe4 16. Be2 Rfd8 17. Rad1 cxd4 18. exd4 Rd6 19. Qd2 a6 20. Qe3 Qd7 21. Rd2 Re8 22. Rfd1 Ng4 23. Bxg4 Qxg4 24. h3 Qg6 25. f4 f5 26. g3 Qf7 27. Kh2 Qb3 28. Kg1 a5 29. Kf2 Ba6 30. Ne2 Qf7 31. Nc3 Bd3 32. d5 Bc4 33. Rd4 Ba6 34. g4 g5 35. Rg1 Kh7 36. gxf5 gxf4 37. Qxf4 e3+ 38. Ke1 Rf6 39. Rg6 Qf8 40. Rxf6 Qxf6 41. d6 Qg7 42. Qg4 Qe5 43. Qg6+ Kh8 44. Re4 1-0

[Event "Chigorin Memorial 2018"]
[Site "St. Petersburg"]
[Date "2018.11.02"]
[Round "7.115"]
[White "Efremov, Vladislav"]
[Black "Bodnaruk, Kseniya"]
[Result "1-0"]
[WhiteElo "2035"]
[BlackElo "1777"]
[PlyCount "119"]
[EventDate "2018.10.27"]
[EventType "swiss"]
[EventCountry "RUS"]
[WhiteTeam "Russland"]
[BlackTeam "Russland"]
[WhiteTeamCountry "RUS"]
[BlackTeamCountry "RUS"]

1. d4 d5 2. c4 e6 3. Nf3 Nf6 4. Nc3 Be7 5. Bf4 O-O 6. e3 c5 7. dxc5 Bxc5 8. cxd5 Nxd5 9. Nxd5 exd5 10. a3 Re8 11. Bd3 Bg4 12. Bxh7+ Kxh7 13. Qc2+ Kg8 14. Qxc5 Qf6 15. Qd4 Qf5 16. Ne5 Nc6 17. Nxc6 Re4 18. Ne7+ Rxe7 19. f3 g5 20. Bd6 Re6 21. fxg4 Qc2 22. Bb4 Qxg2 23. O-O-O Rd8 24. Bc3 f6 25. Rhf1 Rdd6 26. Rf5 Qe4 27. Qxe4 Rxe4 28. Rfxd5 Rde6 29. Rd8+ Kf7 30. R8d7+ Re7 31. Rxe7+ Kxe7 32. Rf1 Rxg4 33. Bxf6+ Ke6 34. Bd4 b6 35. Rf2 Kd5 36. Kc2 Ke4 37. Kc3 Rg1 38. Rf7 Rg2 39. Rxa7 Rxh2 40. Rg7 Rg2 41. Bxb6 g4 42. a4 Rg1 43. a5 Kf3 44. a6 g3 45. a7 Ra1 46. e4 Kxe4 47. Rxg3 Kd5 48. Rg8 Kc6 49. a8=Q+ Rxa8 50. Rxa8 Kxb6 51. b4 Kb5 52. Rh8 Kc6 53. Kc4 Kb6 54. Rh6+ Kb7 55. Kc5 Kc7 56. Rh7+ Kc8 57. Kd6 Kb8 58. Kc6 Ka8 59. Kb6 Kb8 60. Rh8# 1-0

[Event "Chigorin Memorial 2018"]
[Site "St. Petersburg"]
[Date "2018.11.02"]
[Round "7.116"]
[White "Nuritdinov, Nizomitdin"]
[Black "Osipov, Aleksandr"]
[Result "0-1"]
[WhiteElo "1796"]
[BlackElo "2021"]
[PlyCount "72"]
[EventDate "2018.10.27"]
[EventType "swiss"]
[EventCountry "RUS"]
[WhiteTeam "Russland"]
[BlackTeam "Russland"]
[WhiteTeamCountry "RUS"]
[BlackTeamCountry "RUS"]

1. d4 d5 2. Nf3 e6 3. Bf4 Nf6 4. e3 c5 5. c3 Nc6 6. Nbd2 Bd6 7. Bg5 O-O 8. Bd3 e5 9. dxe5 Nxe5 10. Nxe5 Bxe5 11. Nf3 Bc7 12. O-O h6 13. Bh4 Qd6 14. Bg3 Qe7 15. Bxc7 Qxc7 16. h3 Ne4 17. Rc1 Nd6 18. Bb1 Be6 19. Qd3 Ne4 20. c4 Nf6 21. cxd5 Bxd5 22. Qf5 b6 23. Rfd1 Rad8 24. Nh4 Be6 25. Qc2 Qe5 26. Rxd8 Rxd8 27. Rd1 Rxd1+ 28. Qxd1 g6 29. Qd8+ Kg7 30. Qe7 Qxb2 31. Bxg6 Nd5 32. Qxa7 Qa1+ 33. Kh2 Qf6 34. g3 Qxf2+ 35. Kh1 Qf1+ 36. Kh2 Qxh3+ 0-1